000 01006aam a2200361 4500
005 20250905150918.0
008 150715b2001 xxu||||| |||| 00| 0 spa d
020 _a9509755257
041 _aESP
082 _a616.89 S859t
100 _aStingo, Néstor Ricardo
100 _aAvigo, Liliana
100 _aZazzi, María Cristina
100 _aGatti, Carlos Luis
245 _aLos trastornos psíquicos: la psicopatología en el siglo XXI
260 _aArgentina
260 _bEdiciones Centro Norte
260 _c2001
300 _a398 páginas
490 _aTemática General
650 _aPSICOPATOLOGÍA
650 _aTRASTORNOS MENTALES
650 _aESQUIZOFRENIA
650 _aTRASTORNOS DE HUMOR
650 _aSÍNDROME DEL COMPORTAMIENTO
650 _aTRASTORNOS DE PERSONALIDAD
650 _aRETRASO MENTAL
650 _aTERAPIA DE GRUPO
650 _aPSICOTERAPIA
650 _aPSICOTERAPIA FAMILIAR
650 _aEMERGENCIAS PSIQUIÁTRICAS
942 _cBK
_2ddc
999 _c1742
_d1742